00470nam a2200205Ia 4500008004000000041000800040082001200048100001100060245005500071260004400126650001100170650000700181650000800188650001200196650001100208650001200219650000800231650001400239700001100253210210b1946 xxu||||| |||| 00| 0 eng d aeng a942/267 aTAYLOR aSketch map history of Britain and Europe 1485-1783 aLondonbGeorge G Hadrrap & co ltdc1946 aSketch aof amap ahistory aEurope aBritain aand a1485-1783 aMORRIS